<?xml version="1.0" encoding="UTF-8"?>
<record
    xmlns:xsi="http://www.w3.org/2001/XMLSchema-instance"
    xsi:schemaLocation="http://www.loc.gov/MARC21/slim http://www.loc.gov/standards/marcxml/schema/MARC21slim.xsd"
    xmlns="http://www.loc.gov/MARC21/slim">

  <leader>01913agaaa2200301   4500</leader>
  <controlfield tag="001">6072</controlfield>
  <controlfield tag="003">IT-RoPAU</controlfield>
  <controlfield tag="005">20220918181300.0</controlfield>
  <controlfield tag="007">d cvaizq</controlfield>
  <controlfield tag="008">50131s9999||||xx ||| |     ||   ||und||</controlfield>
  <datafield tag="040" ind1=" " ind2=" ">
    <subfield code="a">IT-RoPAU</subfield>
    <subfield code="c">IT-RoPAU</subfield>
  </datafield>
  <datafield tag="041" ind1=" " ind2=" ">
    <subfield code="a">ITALIANO</subfield>
  </datafield>
  <datafield tag="100" ind1=" " ind2=" ">
    <subfield code="a">Girardi Daniele</subfield>
    <subfield code="g">Codice regista SPICS: 41844</subfield>
    <subfield code="9">53039</subfield>
  </datafield>
  <datafield tag="130" ind1=" " ind2=" ">
    <subfield code="a">CAPIRE E VIVERE LA MESSA (1) - RITI INTRODUTTIVI E LITURGIA DELLA PAROLA</subfield>
    <subfield code="9">53040</subfield>
  </datafield>
  <datafield tag="245" ind1=" " ind2=" ">
    <subfield code="a">CAPIRE E VIVERE LA MESSA (1) - RITI INTRODUTTIVI E LITURGIA DELLA PAROLA</subfield>
    <subfield code="c">Diretto da: Girardi Daniele</subfield>
    <subfield code="p">CAPIRE E VIVERE LA MESSA (1) - RITI INTRODUTTIVI E LITURGIA DELLA PAROLA (Rif. Codice opera principale : C6072)</subfield>
  </datafield>
  <datafield tag="250" ind1=" " ind2=" ">
    <subfield code="a">Edizione Standard</subfield>
  </datafield>
  <datafield tag="260" ind1=" " ind2=" ">
    <subfield code="a">VICENZA - BG (ITALIA)</subfield>
    <subfield code="b">CIPIELLE - CENTRO EUCARISTICO / Distribuzione: CIPIELLE AUDIOVISIVO</subfield>
    <subfield code="g">"1993 (1&#xB0; ed.: 1993 ; Ed. Lingua Orig.: 1993)"</subfield>
  </datafield>
  <datafield tag="300" ind1=" " ind2=" ">
    <subfield code="a">VHS</subfield>
    <subfield code="b">sonoro, col.</subfield>
  </datafield>
  <datafield tag="508" ind1=" " ind2=" ">
    <subfield code="a">"Fotografia: Pinato Alberto; Montaggio: Girardi Daniele; "</subfield>
  </datafield>
  <datafield tag="511" ind1=" " ind2=" ">
    <subfield code="a">"Donzelli Giancarlo; Gasparoni Marta; Pretto Ilaria; Vanzo Paolo; Concato Giovanni"</subfield>
  </datafield>
  <datafield tag="520" ind1=" " ind2=" ">
    <subfield code="a">UN SACERDOTE CATECHISTA RIFERENDOSI COME FONTE AL CONTENUTO DEI CATECHISMISPIEGA LA MESSA A UN GRUPPETTO DI RAGAZZI DI 8/10 ANNI. FA LA SUA CATECHESI ASCOLTANDO E RISPONDENDO ALLE LORO DOMANDE INSEGNANDO IL NOME E LA FUNZIONE DEGLI OGGETTI LITURGICI AIUTANDOLI A CAPIRE IL SIGNIFICATO DEI GESTI E DELLE PAROLE DEL CELEBRANTE E DELL'ASSEMBLEA FACENDO INDISPENSABILI APPLICAZIONI ALLA VITA QUOTIDIANA NELLA CONSAPEVOLEZZA CHE LA MESSA DEV'ESSERE SI' CAPITA MA PER ESSERE POI VISSUTA. DOCUMENTARIO RELIGIOSO A COLORI.</subfield>
  </datafield>
  <datafield tag="538" ind1=" " ind2=" ">
    <subfield code="a">PAL, STEREO</subfield>
  </datafield>
  <datafield tag="546" ind1=" " ind2=" ">
    <subfield code="a">ITALIANO</subfield>
  </datafield>
  <datafield tag="650" ind1=" " ind2=" ">
    <subfield code="a">DIDATTICO</subfield>
    <subfield code="e">TV-PROGRAMMI RELIGIOSI [VHS]</subfield>
    <subfield code="x">Codice MATERIA SPICS: 9963</subfield>
    <subfield code="9">49455</subfield>
  </datafield>
  <datafield tag="700" ind1=" " ind2=" ">
    <subfield code="a">Calgaro Ottorino </subfield>
    <subfield code="e">(soggetto)</subfield>
    <subfield code="g">Codice Soggetto SPICS: 41843</subfield>
    <subfield code="9">53041</subfield>
  </datafield>
  <datafield tag="700" ind1=" " ind2=" ">
    <subfield code="a">Girardi Daniele </subfield>
    <subfield code="e">(regista)</subfield>
    <subfield code="g">Codice regista SPICS: 41844</subfield>
    <subfield code="9">53042</subfield>
  </datafield>
  <datafield tag="942" ind1=" " ind2=" ">
    <subfield code="c">VH</subfield>
    <subfield code="2">ddc</subfield>
  </datafield>
  <datafield tag="999" ind1=" " ind2=" ">
    <subfield code="c">107659</subfield>
    <subfield code="d">107659</subfield>
  </datafield>
  <datafield tag="952" ind1=" " ind2=" ">
    <subfield code="0">0</subfield>
    <subfield code="1">0</subfield>
    <subfield code="4">0</subfield>
    <subfield code="6">C_6072_000000000000000</subfield>
    <subfield code="7">1</subfield>
    <subfield code="a">SPICS</subfield>
    <subfield code="b">SPICS</subfield>
    <subfield code="d">2015-01-31</subfield>
    <subfield code="l">0</subfield>
    <subfield code="o">C6072</subfield>
    <subfield code="r">2015-01-31 00:00:00</subfield>
    <subfield code="w">2015-01-31</subfield>
    <subfield code="y">VH</subfield>
    <subfield code="z">Progr. Ins.: 393 / N.Vol.:1 / Copie: 1 / Pag.:0 / Copia rara: n.d. / date import: 1.2.2015 / By Epidotti, Trombetti, Vaglietti</subfield>
  </datafield>
</record>
